000 00423nam a22001697a 4500
005 20180607151935.0
008 160512b xxu||||| |||| 00| 0 eng d
020 _a81-203-1959
041 _aeng
082 _b1720
_a657
100 _aBhattacharya Ashish K
_9509
245 _aFinancial Accounting( For Business Management)
260 _aNew Delhi
_bPHI,
_c2002
300 _a487
650 _aManagement
_9241
942 _cBK
999 _c664
_d664